| 000 | 00489cam a2200181ua 4500 | ||
|---|---|---|---|
| 001 | 1635 | ||
| 008 | 110714n ii |||gr||||Z||||||eng | ||
| 040 | _cMAIN | ||
| 082 | _a330.01 | ||
| 100 |
_aJhingan, M. L., _d1986, |
||
| 245 | 1 |
_aAdvanced economic theory (micro and macroeconomics) _cby M. L. Jhingan |
|
| 250 | _a1st. | ||
| 260 |
_aNew Delhi: _bKonark Publications.,986. |
||
| 300 |
_axv959p: _bill; _c23cm. |
||
| 653 | _aeconomics | ||
| 653 | _amicro and macro economics | ||
| 942 | _cBK | ||
| 999 |
_c1522 _d1522 |
||